<?xml version="1.0" encoding="UTF-8"?>
<collection xmlns="http://www.loc.gov/MARC21/slim">
 <record>
  <leader>01852nam a22004817i 4500</leader>
  <controlfield tag="001">000531997</controlfield>
  <controlfield tag="003">CZ-PrVSE</controlfield>
  <controlfield tag="005">20230815124441.0</controlfield>
  <controlfield tag="007">ta</controlfield>
  <controlfield tag="008">170606s1892    gw     fr     001 0 ger d</controlfield>
  <datafield tag="020" ind1=" " ind2=" ">
   <subfield code="q">(Vázáno)</subfield>
  </datafield>
  <datafield tag="040" ind1=" " ind2=" ">
   <subfield code="a">ABA006</subfield>
   <subfield code="b">cze</subfield>
   <subfield code="c">ABA006</subfield>
   <subfield code="d">ABA006</subfield>
   <subfield code="e">rda</subfield>
  </datafield>
  <datafield tag="041" ind1="1" ind2=" ">
   <subfield code="a">ger</subfield>
   <subfield code="h">eng</subfield>
  </datafield>
  <datafield tag="072" ind1=" " ind2="7">
   <subfield code="a">17</subfield>
   <subfield code="x">Etika. Morální filozofie</subfield>
   <subfield code="2">Konspekt</subfield>
   <subfield code="9">5</subfield>
  </datafield>
  <datafield tag="072" ind1=" " ind2="9">
   <subfield code="a">170</subfield>
   <subfield code="x">Ethics (moral philosophy)</subfield>
   <subfield code="2">Conspectus</subfield>
   <subfield code="9">5</subfield>
  </datafield>
  <datafield tag="080" ind1=" " ind2=" ">
   <subfield code="a">17</subfield>
   <subfield code="2">MRF_2014</subfield>
  </datafield>
  <datafield tag="080" ind1=" " ind2=" ">
   <subfield code="a">177.9</subfield>
   <subfield code="2">MRF_2003</subfield>
  </datafield>
  <datafield tag="080" ind1=" " ind2=" ">
   <subfield code="a">(048.8)</subfield>
   <subfield code="2">MRF_2003</subfield>
  </datafield>
  <datafield tag="099" ind1=" " ind2="9">
   <subfield code="a">17SPE</subfield>
  </datafield>
  <datafield tag="100" ind1="1" ind2=" ">
   <subfield code="a">Spencer, Herbert,</subfield>
   <subfield code="d">1820-1903</subfield>
   <subfield code="7">jn19990008102</subfield>
   <subfield code="4">aut</subfield>
  </datafield>
  <datafield tag="245" ind1="1" ind2="4">
   <subfield code="a">Die Principien der Ethik.</subfield>
   <subfield code="n">II. Band. I. Abtheilung (IV. Theil),</subfield>
   <subfield code="n">Gerechtigkeit /</subfield>
   <subfield code="c">von Herbert Spencer ; autorisirte deutsche Ausgabe von B. Vetter</subfield>
  </datafield>
  <datafield tag="246" ind1="3" ind2="0">
   <subfield code="a">Gerechtigkeit</subfield>
  </datafield>
  <datafield tag="250" ind1=" " ind2=" ">
   <subfield code="a">Autorisirte deutsche Ausgabe</subfield>
  </datafield>
  <datafield tag="264" ind1=" " ind2="1">
   <subfield code="a">Stuttgart :</subfield>
   <subfield code="b">E. Schweizerbart'sche Verlagshandlung (E. Koch),</subfield>
   <subfield code="c">1892</subfield>
  </datafield>
  <datafield tag="300" ind1=" " ind2=" ">
   <subfield code="a">vi, 594 stran</subfield>
  </datafield>
  <datafield tag="336" ind1=" " ind2=" ">
   <subfield code="a">text</subfield>
   <subfield code="b">txt</subfield>
   <subfield code="2">rdacontent</subfield>
  </datafield>
  <datafield tag="337" ind1=" " ind2=" ">
   <subfield code="a">bez média</subfield>
   <subfield code="b">n</subfield>
   <subfield code="2">rdamedia</subfield>
  </datafield>
  <datafield tag="338" ind1=" " ind2=" ">
   <subfield code="a">svazek</subfield>
   <subfield code="b">nc</subfield>
   <subfield code="2">rdacarrier</subfield>
  </datafield>
  <datafield tag="490" ind1="1" ind2=" ">
   <subfield code="a">System der synthetischen Philosophie ;</subfield>
   <subfield code="v">XI. Band, I. Abtheilung</subfield>
  </datafield>
  <datafield tag="500" ind1=" " ind2=" ">
   <subfield code="a">Přeloženo z angličtiny</subfield>
  </datafield>
  <datafield tag="504" ind1=" " ind2=" ">
   <subfield code="a">Obsahuje bibliografické odkazy a rejstřík</subfield>
  </datafield>
  <datafield tag="650" ind1="0" ind2="7">
   <subfield code="a">etika</subfield>
   <subfield code="7">ph114488</subfield>
   <subfield code="2">czenas</subfield>
  </datafield>
  <datafield tag="650" ind1="0" ind2="7">
   <subfield code="a">etické a morální aspekty</subfield>
   <subfield code="7">ph137599</subfield>
   <subfield code="2">czenas</subfield>
  </datafield>
  <datafield tag="650" ind1="0" ind2="7">
   <subfield code="a">spravedlnost</subfield>
   <subfield code="7">ph125972</subfield>
   <subfield code="2">czenas</subfield>
  </datafield>
  <datafield tag="650" ind1="0" ind2="9">
   <subfield code="a">ethics</subfield>
   <subfield code="2">eczenas</subfield>
  </datafield>
  <datafield tag="650" ind1="0" ind2="9">
   <subfield code="a">ethical and moral aspects</subfield>
   <subfield code="2">eczenas</subfield>
  </datafield>
  <datafield tag="650" ind1="0" ind2="9">
   <subfield code="a">justice</subfield>
   <subfield code="2">eczenas</subfield>
  </datafield>
  <datafield tag="700" ind1="1" ind2=" ">
   <subfield code="a">Vetter, Benjamin,</subfield>
   <subfield code="d">1848-1893</subfield>
   <subfield code="7">jo2010575047</subfield>
   <subfield code="4">trl</subfield>
  </datafield>
  <datafield tag="830" ind1=" " ind2="0">
   <subfield code="a">System der synthetischen Philosophie</subfield>
  </datafield>
  <datafield tag="993" ind1=" " ind2=" ">
   <subfield code="a">009918146</subfield>
  </datafield>
  <datafield tag="996" ind1=" " ind2=" ">
   <subfield code="1">PDPZ2</subfield>
   <subfield code="3">F36098/II</subfield>
   <subfield code="4">N:G; PC=5166/57</subfield>
   <subfield code="5">3142303321</subfield>
   <subfield code="8">20170606</subfield>
   <subfield code="9">17SPE</subfield>
   <subfield code="f">95</subfield>
   <subfield code="l">UEP01</subfield>
   <subfield code="m">BOOK</subfield>
   <subfield code="q">Knihovna Žižkov depoz. 2</subfield>
   <subfield code="t">prezenční - lze objednat</subfield>
   <subfield code="u">UEP01</subfield>
   <subfield code="w">20170606</subfield>
  </datafield>
 </record>
</collection>
